| 000 | 00653nam a2200229 a 4500 | ||
|---|---|---|---|
| 005 | 20140310183449.0 | ||
| 008 | 081223s19uu xx 00 eng d | ||
| 020 | _a9780071277525 | ||
| 050 |
_aHF 5387 _b.H333 2008 |
||
| 100 | _aHartman, Laura P. | ||
| 245 |
_aBusiness ethics : _bdecision-making for personal integrity and social responsibility. / _cLaura P. Hartman. |
||
| 260 |
_aBoston : _bMcGraw-Hill, _c2008. |
||
| 300 |
_a492 p. : _bill. ; _c23 cm. |
||
| 521 | _aBSBA | ||
| 650 | _aBusiness ethics. | ||
| 700 | _aDesJradins, Joe | ||
| 942 |
_cBK _2lcc _kFOR |
||
| 999 |
_c23320 _d23320 |
||